000 00576nam a2200205Ia 4500
005 20250508154053.0
008 008 250505s9999 xx 000 0 eng d
037 _aTextual
040 _aFEDL
_beng
_cFEDL
041 _aeng
_2eng
084 _a151.2, BAR
_qFEDL
100 _aBarnette W Leslie
_9511372
245 0 _aReadings in psychological tests and measurments
260 _aHomewood
_bDorsey Press
_c1964
300 _axi,354p.
490 _aDorsey in psychology
650 _aPsychology
942 _cTEXL
_h151.2, BAR
999 _c1347430
_d1347430